T19 駅名クイズ - モノレールの駅 ver. - Statistics

General Stats
  • This quiz has been taken 128 times
    52 since last reset
  • The average score is 50 of 110
Answer Stats
Number Answer % Correct
1 那覇空港
84%
CM03 千葉
78%
7 | CM18 県庁前
78%
MO10 羽田空港第1ターミナル
78%
TT01 多摩センター
76%
01 小倉
76%
MO11 羽田空港第2ターミナル
76%
MO01 モノレール浜松町
73%
TT11 立川南
73%
TT12 立川北
73%
CM01 千葉みなと
73%
17 万博記念公園
73%
MO08 羽田空港第3ターミナル
73%
MO02 天王洲アイル
70%
MO06 整備場
70%
MO09 新整備場
70%
TT05 多摩動物公園
70%
TT07 高幡不動
70%
11 大阪空港
70%
15 首里
68%
19 てだこ浦西
68%
TT17 玉川上水
65%
SMR1 大船
65%
12 蛍池
65%
24 門真市
65%
54 彩都西
65%
MO05 昭和島
62%
MO07 天空橋
62%
TT19 上北台
62%
SMR8 湘南江の島
62%
19 南茨木
62%
2 赤嶺
62%
CM11 都賀
59%
15 千里中央
59%
MO03 大井競馬場前
57%
MO04 流通センター
57%
CM15 千城台
57%
TT03 大塚・帝京大学
54%
TT04 中央大学・明星大学
54%
TT06 程久保
54%
TT14 立飛
54%
16 山田
54%
13 企救丘
54%
TT13 高松
49%
21 摂津
49%
11 おもろまち
49%
TT02 松が谷
46%
TT10 柴崎体育館
46%
TT08 万願寺
43%
TT15 泉体育館
43%
TT16 砂川七番
43%
02 平和通
43%
リゾートゲートウェイ・ステーション
43%
東京ディズニーランド・ステーション
43%
東京ディズニーシー・ステーション
43%
CM02 市役所前
41%
SMR4 湘南深沢
41%
22 南摂津
41%
23 大日
41%
03 旦過
41%
TT09 甲州街道
38%
TT18 桜街道
38%
CM17 葭川公園
38%
CM09 動物公園
38%
4 奥武山公園
38%
CM08 スポーツセンター
35%
CM14 千城台北
35%
13 柴原阪大前
35%
52 阪大病院前
35%
8 美栄橋
35%
9 牧志
35%
18 浦添前田
35%
CM04 千葉公園
32%
SMR3 湘南町屋
32%
SMR7 目白山下
32%
18 宇野辺
32%
20 沢良宜
32%
10 徳力公団前
32%
12 志井
32%
ベイサイド・ステーション
32%
CM16 栄町
30%
SMR5 西鎌倉
30%
6 旭橋
30%
10 安里
30%
16 石嶺
30%
CM05 作草部
27%
CM07 穴川
27%
51 公園東口
27%
06 城野
27%
13 市立病院前
27%
14 儀保
27%
17 経塚
27%
SMR2 富士見町
24%
08 競馬場前
24%
11 徳力嵐山口
24%
3 小禄
24%
CM13 小倉台
22%
SMR6 片瀬山
22%
04 香春口三萩野
22%
5 壺川
22%
CM10 みつわ台
19%
CM12 桜木
19%
53 豊川
19%
CM06 天台
16%
14 少路
16%
12 古島
16%
07 北方
11%
09 守恒
11%
05 片野
8%
No matching quizzes found
Score Distribution
Percent of People with Each Score
Percentile by Number Answered
Your Score History
You have not taken this quiz since the last reset